000 01005nam a2200313 i 4500
001 000012691
003 DO-SdBNP
005 20260324081632.0
007 ta
008 091116s2003 dr 000 f spa d
020 _z9768115133
040 _aDO-SdBNP
_bspa
_cBNPHU
_erda
041 _aspa
082 4 _aRD863.44
_bR175d 2003
_222
100 1 _aRamos, Emelda,
_d1948-
_eautor
_4aut.
_91915
245 1 0 _aDe oro, botijas y amor /
_cEmelda Ramos ; prólogo, Mario Veloz Maggiolo.
250 _asegunda edición
264 4 _aSanto Domingo :
_bLetra Gráfica,
_c©2003.
300 _a131 páginas ;
_c22 cm.
336 _atexto
_btxt
_2rdacontent
337 _asin mediación
_bn
_2rdamedia
338 _avolumen
_bnc
_2sin mediación
590 _aInventariado, 2019/VM
650 4 _aNovela dominicana
_9223
650 4 _aLiteratura dominicana.
_967
700 1 _aVeloz Maggiolo, Marcio,
_d1936-2021
_eprologuista
_4pr.
_91104
910 _aValidado. Control de calidad MMOLINA
942 _2ddc
_cLBS1
999 _c12342
_d12342